[Event "Donner Memorial-A"]
[Site "Amsterdam"]
[Date "1994.??.??"]
[Round "1"]
[White "Lautier, Joel"]
[Black "Piket, Jeroen"]
[Result "1/2-1/2"]
[WhiteElo "2645"]
[BlackElo "2640"]
[PlyCount "47"]
[EventDate "1994.08.??"]
[EventType "tourn"]
[EventRounds "9"]
[EventCountry "NED"]
[EventCategory "15"]
[SourceTitle "CBM 043"]
[Source "ChessBase"]
[SourceDate "1994.12.01"]
[SourceVersion "1"]
[SourceVersionDate "1994.12.01"]
[SourceQuality "1"]

1. c4 e6 2. Nc3 d5 3. d4 c5 4. cxd5 exd5 5. Nf3 Nc6 6. g3 Nf6 7. Bg2 Be7 8. O-O O-O 9. Bg5 c4 10. Ne5 Be6 11. Nxc6 bxc6 12. b3 Qa5 13. Na4 Rfd8 14. e3 c5 15. Bxf6 gxf6 16. bxc4 cxd4 17. exd4 Rab8 18. c5 f5 19. c6 $146 ({RR} 19. Rc1 Bg5 20. c6 Bxc1 21. Qxc1 Rdc8 22. Qg5+ Kf8 23. Nc5 Rxc6 24. Bxd5 Bxd5 25. Nd7+ Ke8 26. Nxb8 Re6 27. Qxf5 h6 28. a4 Ke7 29. g4 Qd8 30. f3 Kf8 31. Rc1 Kg7 32. Qf4 Qe8 33. Kf2 Rb6 {Skalkotas,N (2370)-Makropoulos,G (2445) Athens 1980 0-1 (38)}) ({RR} 19. Rc1 Bg5 20. f4 Bf6 21. Nc3 Rb4 22. Ne2 Qxa2 23. Ra1 Qc4 24. Rxa7 Rdb8 25. Ra3 Bxd4+ 26. Qxd4 Qxe2 27. Qd3 Qb2 28. Rd1 d4 29. Raa1 Qc3 30. Rac1 Qxd3 31. Rxd3 Rb1 32. Rcd1 Rxd1+ 33. Rxd1 Rb4 {Schwarz,M (2409)-Mozny,M (2373) Germany 2007 ½-½ (37)}) ({RR} 19. Rc1 Rb4 20. Nc3 Bf6 21. Ne2 Rb2 22. Nf4 Rxa2 23. c6 Be7 24. Qb3 Bd6 25. Qe3 Ra3 26. Qe2 Bxf4 27. gxf4 Qc7 28. Qe5 Rd6 29. Rc5 f6 30. Qxf6 Rxc6 31. Qxe6+ {1-0 (31) Schwarz,M (2395)-Kniest,O (2170) Berlin 1996}) ({RR} 19. Rc1 Bg5 20. c6 Bxc1 21. Qxc1 Rdc8 22. Qg5+ Kf8 23. Nc5 Rxc6 24. Bxd5 Bxd5 25. Nd7+ Ke8 26. Nxb8 Re6 27. Qxf5 h6 28. a4 Ke7 29. g4 Qd8 30. f3 Kf8 31. Rc1 Kg7 32. Qf4 Qe8 33. Kf2 Rb6 {Skalkotas,N (2370)-Makropoulos,G (2445) Athens 1980 0-1 (38)}) ({RR} 19. Rc1 Bg5 20. f4 Bf6 21. Nc3 Rb4 22. Ne2 Qxa2 23. Ra1 Qc4 24. Rxa7 Rdb8 25. Ra3 Bxd4+ 26. Qxd4 Qxe2 27. Qd3 Qb2 28. Rd1 d4 29. Raa1 Qc3 30. Rac1 Qxd3 31. Rxd3 Rb1 32. Rcd1 Rxd1+ 33. Rxd1 Rb4 {Schwarz,M (2409)-Mozny,M (2373) Germany 2007 ½-½ (37)}) ({RR} 19. Rc1 Rb4 20. Nc3 Bf6 21. Ne2 Rb2 22. Nf4 Rxa2 23. c6 Be7 24. Qb3 Bd6 25. Qe3 Ra3 26. Qe2 Bxf4 27. gxf4 Qc7 28. Qe5 Rd6 29. Rc5 f6 30. Qxf6 Rxc6 31. Qxe6+ {1-0 (31) Schwarz,M (2395)-Kniest,O (2170) Berlin 1996}) 19... Rbc8 20. Rc1 Ba3 21. Rc3 Bb4 22. Rc1 Ba3 23. Rc3 Bb4 24. Rc1 1/2-1/2

[Event "ESP-chT"]
[Site "Oropesa del Mar"]
[Date "1996.??.??"]
[Round "7"]
[White "Gulko, Boris F"]
[Black "Speelman, Jonathan S"]
[Result "1/2-1/2"]
[WhiteElo "2615"]
[BlackElo "2625"]
[PlyCount "36"]
[EventDate "1996.??.??"]
[EventType "team"]
[EventRounds "9"]
[EventCountry "ESP"]
[SourceTitle "EXT 1998"]
[Source "ChessBase"]
[SourceDate "1997.11.17"]
[SourceVersion "1"]
[SourceVersionDate "1997.11.17"]
[SourceQuality "1"]

1. d4 e6 2. Nf3 c5 3. e3 Nf6 4. c4 d5 5. Nc3 a6 6. cxd5 exd5 7. Be2 Nc6 8. O-O Bd6 9. dxc5 Bxc5 10. a3 O-O 11. b4 Ba7 12. Bb2 d4 13. exd4 Nxd4 14. Nxd4 Bxd4 15. Bf3 Rb8 16. Qd2 Bg4 ({RR} 16... Be5 17. Qxd8 Rxd8 {½-½ (17) Popov,V (2534)-Lipovoy,D (1962) Sochi RUS 2026}) ({RR} 16... Be5 17. Qxd8 Rxd8 {½-½ (17) Popov,V (2534)-Lipovoy,D (1962) Sochi RUS 2026}) 17. Bxg4 ({RR} 17. Rad1 Bxf3 18. gxf3 Bxc3 19. Qxc3 Qc8 20. Rfe1 Qxc3 21. Bxc3 Rbd8 22. Bxf6 gxf6 23. a4 Rfe8 24. Kg2 Rxe1 25. Rxd8+ Kg7 26. Rb8 Re7 27. Kg3 Rc7 28. b5 Rc4 29. a5 Ra4 30. Rxb7 Rxa5 31. bxa6 Rxa6 {Jobava,B (2712)-Berelowitsch,A (2563) Rogaska Slatina 2011 ½-½ (31)}) ({RR} 17. Rad1 Bxf3 18. gxf3 Bxc3 19. Qxc3 Qc8 20. Rfe1 Qxc3 21. Bxc3 Rbd8 22. Bxf6 gxf6 23. a4 Rfe8 24. Kg2 Rxe1 25. Rxd8+ Kg7 26. Rb8 Re7 27. Kg3 Rc7 28. b5 Rc4 29. a5 Ra4 30. Rxb7 Rxa5 31. bxa6 Rxa6 {Jobava,B (2712)-Berelowitsch,A (2563) Rogaska Slatina 2011 ½-½ (31)}) 17... Nxg4 18. Qf4 $146 ({RR} 18. h3 Ne5 19. Rad1 Nc4 20. Qf4 Qf6 21. Qxd4 Qxd4 22. Rxd4 Nxb2 23. Rb1 Rfc8 24. Nd5 Rc4 25. Rd2 Na4 26. Rbd1 g6 27. Re1 Kf8 28. Nf6 Kg7 29. Ne8+ Kf8 30. Rde2 Nc3 31. Re3 Nb5 32. Nf6 Kg7 {Kobrin,M (2272)-Lahav,E (2348) Givataim 2000 ½-½ (36)}) ({RR} 18. h3 Ne5 19. Rad1 Nc6 20. Ne4 Qe7 21. Bxd4 Qxe4 22. Rfe1 Qxd4 23. Qxd4 Nxd4 24. Rxd4 Rfd8 25. Red1 Rxd4 26. Rxd4 g6 27. Rd7 Rc8 28. Kf1 Rc2 29. a4 b6 30. Rd6 Ra2 31. Rxb6 Rxa4 32. Ke2 a5 {Pasiev,R (2405)-Saduakassova,D (2357) Khanty-Mansiysk 2013 ½-½ (42)}) ({RR} 18. h3 Ne5 19. Rad1 Nc4 20. Qf4 Qf6 21. Qxd4 Qxd4 22. Rxd4 Nxb2 23. Rb1 Rfc8 24. Nd5 Rc4 25. Rd2 Na4 26. Rbd1 g6 27. Re1 Kf8 28. Nf6 Kg7 29. Ne8+ Kf8 30. Rde2 Nc3 31. Re3 Nb5 32. Nf6 Kg7 {Kobrin,M (2272)-Lahav,E (2348) Givataim 2000 ½-½ (36)}) ({RR} 18. h3 Ne5 19. Rad1 Nc6 20. Ne4 Qe7 21. Bxd4 Qxe4 22. Rfe1 Qxd4 23. Qxd4 Nxd4 24. Rxd4 Rfd8 25. Red1 Rxd4 26. Rxd4 g6 27. Rd7 Rc8 28. Kf1 Rc2 29. a4 b6 30. Rd6 Ra2 31. Rxb6 Rxa4 32. Ke2 a5 {Pasiev,R (2405)-Saduakassova,D (2357) Khanty-Mansiysk 2013 ½-½ (42)}) 18... Qf6 1/2-1/2

[Event "Hoogovens"]
[Site "Wijk aan Zee"]
[Date "1993.01.??"]
[Round "2"]
[White "Gelfand, Boris"]
[Black "Illescas Cordoba, Miguel"]
[Result "1/2-1/2"]
[WhiteElo "2690"]
[BlackElo "2615"]
[PlyCount "136"]
[EventDate "1993.01.??"]
[EventType "k.o."]
[EventRounds "5"]
[EventCountry "NED"]
[SourceTitle "CBM 034"]
[Source "ChessBase"]
[SourceDate "1993.06.01"]
[SourceVersion "1"]
[SourceVersionDate "1993.06.01"]
[SourceQuality "1"]

1. d4 d5 2. c4 e6 3. Nc3 c5 4. cxd5 exd5 5. Nf3 Nc6 6. g3 Nf6 7. Bg2 Be7 8. O-O O-O 9. dxc5 Bxc5 10. Na4 Be7 11. Be3 Bg4 12. Rc1 Re8 13. h3 Be6 14. Nd4 Qd7 15. Kh2 Rac8 16. Nc5 Bxc5 17. Rxc5 b6 $146 ({RR} 17... Ne5 18. Nxe6 Qxe6 19. Rxc8 Rxc8 20. Qb3 b6 21. Bd4 h5 22. e4 Nc4 23. exd5 Nxd5 24. Rc1 Ne7 25. Bb7 Rb8 26. Ba6 b5 27. Bxb5 Rxb5 28. Qxb5 Nd2 29. Qd3 Ne4 30. Re1 f5 31. f3 h4 32. fxe4 {Gonzalez Perez,A (2472)-Pintor,S (2120) Penafiel 2020 1-0 (34)}) ({RR} 17... Ne5 18. Nxe6 Qxe6 19. Rxc8 Rxc8 20. Qb3 b6 21. Bd4 h5 22. e4 Nc4 23. exd5 Nxd5 24. Rc1 Ne7 25. Bb7 Rb8 26. Ba6 b5 27. Bxb5 Rxb5 28. Qxb5 Nd2 29. Qd3 Ne4 30. Re1 f5 31. f3 h4 32. fxe4 {Gonzalez Perez,A (2472)-Pintor,S (2120) Penafiel 2020 1-0 (34)}) ({RR} 17... Ne5 18. Nxe6 Qxe6 19. Rxc8 Rxc8 20. Qb3 b6 21. Bd4 h5 22. e4 Nc4 23. exd5 Nxd5 24. Rc1 Ne7 25. Bb7 Rb8 26. Ba6 b5 27. Bxb5 Rxb5 28. Qxb5 Nd2 29. Qd3 Ne4 30. Re1 f5 31. f3 h4 32. fxe4 {Gonzalez Perez,A (2472)-Pintor,S (2120) Penafiel 2020 1-0 (34)}) ({RR} 17... Ne5 18. Nxe6 Qxe6 19. Rxc8 Rxc8 20. Qb3 b6 21. Bd4 h5 22. e4 Nc4 23. exd5 Nxd5 24. Rc1 Ne7 25. Bb7 Rb8 26. Ba6 b5 27. Bxb5 Rxb5 28. Qxb5 Nd2 29. Qd3 Ne4 30. Re1 f5 31. f3 h4 32. fxe4 {Gonzalez Perez,A (2472)-Pintor,S (2120) Penafiel 2020 1-0 (34)}) 18. Rc1 Nxd4 19. Bxd4 Ne4 20. Qd3 Bf5 21. Qe3 h6 22. Qf4 Rc4 23. Rfd1 g5 24. Qf3 Nd2 25. Rxd2 Rxc1 26. Bc3 Qe6 27. Qxd5 Qxd5 28. Bxd5 Rc2 29. Rxc2 Bxc2 30. e3 Be4 31. Bb3 Rd8 32. a3 h5 33. g4 h4 34. Kg1 Rd6 35. Kf1 Bf3 36. Bc2 f6 37. e4 Kf7 38. e5 fxe5 39. Bxe5 Rd2 40. Bb3+ Ke7 41. Bc3 Rd8 42. Ke1 a5 43. Bd2 Kf6 44. Bd1 Bxd1 45. Kxd1 Rd3 46. Ke2 Rxh3 47. a4 Rb3 48. Bc3+ Rxc3 49. bxc3 Ke5 50. Ke3 h3 51. Kf3 h2 52. Kg2 Kf4 53. Kxh2 Kxg4 54. Kg2 Kf4 55. Kf1 Ke4 56. Ke2 g4 57. Kd2 Kf3 58. Ke1 Ke4 59. Ke2 Kf4 60. Kd2 Kf3 61. Ke1 Kf4 62. Ke2 Ke4 63. Kf1 Kf3 64. c4 g3 65. fxg3 Kxg3 66. Ke2 Kf4 67. Kd3 Ke5 68. Ke3 Kd6 1/2-1/2

[Event "Buenos Aires Najdorf"]
[Site "Buenos Aires"]
[Date "1993.??.??"]
[Round "1"]
[White "Shirov, Alexei"]
[Black "Illescas Cordoba, Miguel"]
[Result "1/2-1/2"]
[WhiteElo "2670"]
[BlackElo "2615"]
[PlyCount "81"]
[EventDate "1993.04.??"]
[EventType "tourn"]
[EventRounds "11"]
[EventCountry "ARG"]
[EventCategory "13"]
[SourceTitle "CBM 035"]
[Source "ChessBase"]
[SourceDate "1993.08.01"]
[SourceVersion "1"]
[SourceVersionDate "1993.08.01"]
[SourceQuality "1"]

1. d4 {Ftacnik,Lubomir Ftacnik,Lubomir} ({RR} 1. Nf3 d5 2. c4 e6 3. g3 c5 4. cxd5 exd5 5. d4 Nc6 6. Bg2 Nf6 7. O-O Be7 {½-½ (15) Ghaem Maghami,E (2623)-Petrosian,T (2568) Moscow 2005}) ({RR} 1. Nf3 d5 2. c4 e6 3. g3 c5 4. cxd5 exd5 5. d4 Nc6 6. Bg2 Nf6 7. O-O Be7 {½-½ (15) Ghaem Maghami,E (2623)-Petrosian,T (2568) Moscow 2005}) 1... d5 2. c4 e6 3. Nc3 c5 4. cxd5 exd5 5. Nf3 Nc6 6. g3 Nf6 7. Bg2 Be7 8. O-O O-O 9. dxc5 Bxc5 10. Bg5 d4 11. Bxf6 Qxf6 12. Nd5 Qd8 13. Nd2 Re8 14. Rc1 Bb6 15. Nf4 ({RR} 15. Nxb6 Qxb6 16. Nc4 Qd8 17. Qd2 Be6 18. Rfe1 Rc8 19. Qf4 g5 20. Qd2 h6 21. b3 Bd5 22. e4 Be6 23. f4 f6 24. Nb2 Bf7 25. Nd3 Bg6 26. b4 a6 27. Nc5 Qe7 28. e5 fxe5 29. Bxc6 Rxc6 {Sarakauskas,G (2387)-Solys,L (2289) Lithuania LTU 2023 1-0 (47)}) ({RR} 15. Nxb6 Qxb6 16. Nc4 Qd8 17. Qd2 Be6 18. Rfe1 Rc8 19. Qf4 g5 20. Qd2 h6 21. b3 Bd5 22. e4 Be6 23. f4 f6 24. Nb2 Bf7 25. Nd3 Bg6 26. b4 a6 27. Nc5 Qe7 28. e5 fxe5 29. Bxc6 Rxc6 {Sarakauskas,G (2387)-Solys,L (2289) Lithuania LTU 2023 1-0 (47)}) 15... Bg4 16. Re1 ({RR} 16. Ne4) ({RR} 16. h3) ({RR} 16. Ne4) ({RR} 16. h3) 16... Rc8 $146 ({RR} 16... Bc7 17. Nd3 Qe7 18. Nb3 h5 19. Qd2 h4 20. Nbc5 h3 ({RR} 20... Ne5 21. Bxb7 Rab8) ({RR} 20... Ne5 21. Bxb7 Rab8) 21. Bh1 Ne5 22. Bxb7 Rab8 23. Bh1 Bd6 24. b4 a5 25. a3 axb4 26. axb4 Qa7 27. Nxe5 Bxe5 28. Qg5 Bc8 29. Nd3 Bf6 30. Qf4 Ba6 31. Ra1 {Brenninkmeijer,J (2475)-Piket,J (2495) Lyon 1990 CBM 018 [Ftacnik,Lubomir] 1-0 (62)}) ({RR} 16... d3 17. Nf3 ({RR} 17. Bf3 Bxf3 18. Nxf3 dxe2 19. Rxe2 Qxd1+ 20. Rxd1 Rxe2 21. Nxe2 Re8) ({RR} 17. Nxd3 Bxe2 18. Rxe2 Qxd3 19. Rxe8+ Rxe8 20. Bxc6 bxc6 21. Rxc6 Qd4) ({RR} 17. Rxc6 bxc6 18. Bxc6 dxe2 19. Nxe2 Qf6) ({RR} 17. Bf3 Bxf3 18. Nxf3 dxe2 19. Rxe2 Qxd1+ 20. Rxd1 Rxe2 21. Nxe2 Re8) ({RR} 17. Nxd3 Bxe2 18. Rxe2 Qxd3 19. Rxe8+ Rxe8 20. Bxc6 bxc6 21. Rxc6 Qd4) ({RR} 17. Rxc6 bxc6 18. Bxc6 dxe2 19. Nxe2 Qf6) 17... dxe2 18. Rxe2 Qxd1+ 19. Rxd1 Rxe2 20. Nxe2 Re8) ({RR} 16... Bc7 17. Nd3 Qe7 18. Nb3 h5 19. Qd2 h4 20. Nbc5 h3 21. Bh1 Ne5 22. Bxb7 Rab8 23. Bh1 Bd6 24. b4 a5 25. a3 axb4 26. axb4 Qa7 27. Nxe5 Bxe5 28. Qg5 Bc8 29. Nd3 Bf6 30. Qf4 Ba6 31. Ra1 {Brenninkmeijer,J (2475)-Piket,J (2495) Lyon 1990 CBM 018 [Ftacnik,Lubomir] 1-0 (62)}) ({RR} 16... d3 17. Nf3 dxe2 18. Rxe2 Qxd1+ 19. Rxd1 Rxe2 20. Nxe2 Re8) 17. Nc4 Bc7 18. Nd3 Qg5 19. Bf3 h5 20. Qb3 Rb8 21. h4 Qf5 22. Nd2 Bd6 23. Bxg4 hxg4 24. Nc4 Bc7 25. Na3 Ba5 26. Red1 Bb6 27. Rc2 Ne5 28. Nxe5 Rxe5 29. Qd3 Rbe8 30. Qxf5 Rxf5 31. Nc4 Bc5 32. Rd3 b5 33. Na5 Bb6 34. Nc6 Re4 35. Kg2 g5 36. f3 gxf3+ 37. exf3 Re8 38. g4 Rd5 39. Nb4 Rde5 40. hxg5 Rxg5 41. Rcd2 1/2-1/2

[Event "Elenite"]
[Site "Elenite"]
[Date "1994.??.??"]
[Round "9"]
[White "Greenfeld, Alon"]
[Black "Topalov, Veselin"]
[Result "0-1"]
[WhiteElo "2600"]
[BlackElo "2645"]
[PlyCount "50"]
[EventDate "1994.??.??"]
[EventType "tourn"]
[EventRounds "9"]
[EventCountry "BUL"]
[EventCategory "15"]
[SourceTitle "CBM 044"]
[Source "ChessBase"]
[SourceDate "1995.02.01"]
[SourceVersion "1"]
[SourceVersionDate "1995.02.01"]
[SourceQuality "1"]

1. d4 Nf6 2. Nf3 e6 3. c4 c5 4. e3 d5 5. Nc3 a6 6. cxd5 exd5 7. Be2 Bd6 8. dxc5 Bxc5 9. O-O O-O 10. b3 Nc6 11. Bb2 Bg4 12. Nd4 Bxd4 13. Bxg4 Be5 14. Bf3 Qa5 15. Qe1 $146 ({RR} 15. Na4 b5 16. Bxe5 Nxe5 17. Nc5 Rac8 18. a3 Qb6 19. b4 Rfd8 20. Qe2 a5 21. Rfd1 Nc4 22. Nb3 a4 23. Nc5 Rd6 24. Qc2 Rcd8 25. Qc3 Qc7 26. Rd4 Qe7 27. Rad1 h6 28. h3 Ne5 29. Be2 Nc4 {Zilber,I-Vistinietzki,I Minsk 1957 ½-½ (52)}) ({RR} 15. Na4 Bxb2 16. Nxb2 Ne4 17. Nc4 Qd8 18. Bxe4 dxe4 19. Qd6 Re8 20. Rfd1 Qxd6 21. Nxd6 Re7 22. Rd2 g6 23. Rc1 Rd8 24. Kf1 f5 25. Ke2 Nb4 26. Nxe4 Rxd2+ 27. Nxd2 Nxa2 28. Rc4 b5 29. Rc5 a5 {Csom,I-Lukacs,P Budapest 1975 1-0 (47)}) ({RR} 15. Na4 b5 16. Bxe5 Nxe5 17. Nc5 Rac8 18. a3 Qb6 19. b4 Rfd8 20. Qe2 a5 21. Rfd1 Nc4 22. Nb3 a4 23. Nc5 Rd6 24. Qc2 Rcd8 25. Qc3 Qc7 26. Rd4 Qe7 27. Rad1 h6 28. h3 Ne5 29. Be2 Nc4 {Zilber,I-Vistinietzki,I Minsk 1957 ½-½ (52)}) ({RR} 15. Na4 Bxb2 16. Nxb2 Ne4 17. Nc4 Qd8 18. Bxe4 dxe4 19. Qd6 Re8 20. Rfd1 Qxd6 21. Nxd6 Re7 22. Rd2 g6 23. Rc1 Rd8 24. Kf1 f5 25. Ke2 Nb4 26. Nxe4 Rxd2+ 27. Nxd2 Nxa2 28. Rc4 b5 29. Rc5 a5 {Csom,I-Lukacs,P Budapest 1975 1-0 (47)}) 15... Qc7 16. g3 Rad8 17. Rc1 Rfe8 18. Na4 b5 19. Bxe5 Nxe5 20. Qe2 Qa7 21. Nc5 d4 22. exd4 Rxd4 23. Rfe1 Nxf3+ 24. Qxf3 Rxe1+ 25. Rxe1 Qxc5 0-1

[Event "FIDE-Wch k.o."]
[Site "New Delhi/Teheran"]
[Date "2000.12.08"]
[Round "4.4"]
[White "Ehlvest, Jaan"]
[Black "Grischuk, Alexander"]
[Result "1/2-1/2"]
[WhiteElo "2627"]
[BlackElo "2606"]
[PlyCount "130"]
[EventDate "2000.11.27"]
[EventType "k.o."]
[EventRounds "7"]
[EventCountry "IND"]
[SourceTitle "CBM 080"]
[Source "ChessBase"]
[SourceDate "2001.01.25"]
[SourceVersion "1"]
[SourceVersionDate "2001.01.25"]
[SourceQuality "1"]

1. d4 d5 2. c4 e6 3. Nc3 c5 4. cxd5 exd5 5. Nf3 Nc6 6. g3 Nf6 7. Bg2 Be7 8. O-O O-O 9. Bg5 cxd4 10. Nxd4 h6 11. Be3 Re8 12. Qb3 Na5 13. Qc2 Bg4 14. Nf5 Bb4 15. Bd4 Bxc3 16. Bxc3 Rxe2 17. Qd3 Re8 18. Ne3 Be6 19. Qb5 b6 20. Rad1 Rc8 21. Rfe1 Bd7 $146 ({RR} 21... Nc4 22. Nxc4 Rxc4 23. Bxf6 gxf6 24. Rxd5 Qc8 25. Rdd1 Rd8 {½-½ (25) Veingold,A (2488)-Frois,A (2349) Torres Novas 2005}) ({RR} 21... Nc4 22. Nxc4 Rxc4 23. Bxf6 gxf6 24. Rxd5 Qc8 25. Rdd1 Rd8 {½-½ (25) Veingold,A (2488)-Frois,A (2349) Torres Novas 2005}) 22. Qf1 Be6 23. Qa6 Nc6 24. Qa4 Ne7 25. Bxf6 gxf6 26. Qh4 Kg7 27. Rd4 f5 28. Red1 Nc6 29. Qxd8 Rexd8 30. R4d2 d4 31. Nc2 d3 32. Ne3 Ne5 33. b3 Ng4 34. Nf1 Rc2 35. h3 Nf6 36. Rxc2 dxc2 37. Rc1 f4 38. Rxc2 Rd1 39. Kh2 Nd5 40. gxf4 Nxf4 41. Ne3 Ra1 42. h4 Nxg2 43. Kxg2 a5 44. Rb2 a4 45. Nc2 Bd5+ 46. f3 Rd1 47. Ne3 Rd3 48. Nxd5 a3 49. Rc2 Rxd5 50. Kg3 Rd4 51. h5 Kf6 52. Rc6+ Kg5 53. Rxb6 Rd2 54. Rb5+ f5 55. f4+ Kxh5 56. Rxf5+ Kg6 57. Ra5 Rxa2 58. Ra6+ Kf5 59. Rxh6 Rb2 60. Rh5+ Kf6 61. Ra5 Rxb3+ 62. Kg4 Rb6 63. Rxa3 Rb5 64. Ra6+ Kf7 65. f5 Rb1 1/2-1/2

[Event "Enghien les Bains 4th"]
[Site "Enghien les Bains"]
[Date "2001.04.13"]
[Round "3"]
[White "Van Wely, Loek"]
[Black "Grischuk, Alexander"]
[Result "1/2-1/2"]
[WhiteElo "2670"]
[BlackElo "2668"]
[PlyCount "105"]
[EventDate "2001.04.11"]
[EventType "tourn"]
[EventRounds "9"]
[EventCountry "FRA"]
[EventCategory "17"]
[SourceTitle "CBM 083"]
[Source "ChessBase"]
[SourceDate "2001.07.05"]
[SourceVersion "1"]
[SourceVersionDate "2001.07.05"]
[SourceQuality "1"]

1. d4 d5 2. c4 e6 3. Nc3 c5 4. cxd5 exd5 5. Nf3 Nc6 6. g3 Nf6 7. Bg2 Be7 8. O-O O-O 9. dxc5 Bxc5 10. Bg5 d4 11. Bxf6 Qxf6 12. Nd5 Qd8 13. Nd2 Re8 14. Rc1 Bb6 15. Nc4 Bg4 16. Re1 Bc5 17. a3 a6 18. b4 Ba7 19. Qd2 Rc8 20. a4 Be6 21. Nf4 Bxc4 22. Rxc4 Ne5 23. Rxc8 Qxc8 24. Rc1 Qd7 25. Qc2 ({RR} 25. a5 d3 26. exd3 Ng4 27. Bh3 g6 28. Qa2 h5 29. Bxg4 hxg4 30. Qc4 g5 31. Nd5 Qf5 32. d4 Kg7 33. Ne3 Qf3 34. Rc3 Re6 35. b5 axb5 36. Qxb5 Kg6 37. Qd7 Re4 38. Qd6+ Kh7 39. Rd3 Re6 {Heberla,B (2531)-Berelowitsch,A (2521) Germany 2015 1-0 (61)}) ({RR} 25. a5 d3 26. exd3 Ng4 27. Bh3 g6 28. Qa2 h5 29. Bxg4 hxg4 30. Qc4 g5 31. Nd5 Qf5 32. d4 Kg7 33. Ne3 Qf3 34. Rc3 Re6 35. b5 axb5 36. Qxb5 Kg6 37. Qd7 Re4 38. Qd6+ Kh7 39. Rd3 Re6 {Heberla,B (2531)-Berelowitsch,A (2521) Germany 2015 1-0 (61)}) 25... d3 $146 ({RR} 25... Bb8 26. h3 b5 27. axb5 axb5 28. Nd5 Nc4 29. Rd1 Be5 30. e3 Qa7 31. exd4 Bxd4 32. Bf1 h6 33. Bxc4 bxc4 34. Qxc4 Bxf2+ 35. Kg2 Bb6 36. Rf1 Qb7 37. Kh2 Re6 38. Rc1 Bd8 39. b5 Qd7 40. Rd1 {Ftacnik,L (2603)-Berelowitsch,A (2541) Germany 2003 ½-½ (50)}) ({RR} 25... Bb8 26. h3 b5 27. axb5 axb5 28. Nd5 Nc4 29. Rd1 Be5 30. e3 Qa7 31. exd4 Bxd4 32. Bf1 h6 33. Bxc4 bxc4 34. Qxc4 Bxf2+ 35. Kg2 Bb6 36. Rf1 Qb7 37. Kh2 Re6 38. Rc1 Bd8 39. b5 Qd7 40. Rd1 {Ftacnik,L (2603)-Berelowitsch,A (2541) Germany 2003 ½-½ (50)}) 26. exd3 Bd4 27. h3 g6 28. Kh2 Kg7 29. Be4 h5 30. Nd5 Re6 31. f4 Rc6 32. Qd1 Rxc1 33. Qxc1 Qc6 34. Qd2 f5 35. Bg2 Nd7 36. Qe1 Qd6 37. Qc1 b5 38. a5 h4 39. gxh4 Kh6 40. Qe1 Nf6 41. Qe7 Qxe7 42. Nxe7 Ne8 43. Nd5 Bg7 44. Ne3 Bf8 45. Nc2 Bd6 46. Kg3 Nc7 47. Bb7 Kh5 48. d4 Kh6 49. d5 Kh5 50. Bc6 Kh6 51. Bb7 Kh5 52. Bc6 Kh6 53. Bb7 1/2-1/2

[Event "Hoogovens"]
[Site "Merrillville"]
[Date "1997.11.29"]
[Round "3"]
[White "Seirawan, Yasser"]
[Black "Piket, Jeroen"]
[Result "1-0"]
[WhiteElo "2630"]
[BlackElo "2630"]
[PlyCount "101"]
[EventDate "1997.11.28"]
[EventType "tourn"]
[EventRounds "5"]
[EventCountry "USA"]
[EventCategory "15"]
[SourceTitle "CBM 062"]
[Source "ChessBase"]
[SourceDate "1998.01.31"]
[SourceVersion "1"]
[SourceVersionDate "1998.01.31"]
[SourceQuality "1"]

1. c4 Nf6 2. Nc3 c5 3. g3 e6 4. Nf3 Nc6 5. Bg2 d5 6. cxd5 exd5 7. d4 Be7 8. O-O O-O 9. Bg5 cxd4 10. Nxd4 h6 11. Be3 Re8 12. Rc1 Bg4 13. h3 Be6 14. Nxc6 bxc6 15. Na4 Qd7 16. Kh2 Bf5 17. Bc5 Be4 ({RR} 17... Rab8 18. b3 Bd6 19. e3 Be4 20. Bxd6 Bxg2 21. Kxg2 Qxd6 22. Qd4 Ne4 23. Nc5 a5 24. Rfd1 Ng5 25. e4 Rb4 26. Rc4 Ne6 27. Nxe6 fxe6 28. Rdc1 e5 29. Qd2 Rxc4 30. Rxc4 Rb8 31. Ra4 Rb5 32. Rxa5 {Kasimdzhanov,R (2678)-Berelowitsch,A (2563) Germany 2011 ½-½ (51)}) ({RR} 17... Rab8 18. b3 Bd6 19. e3 Be4 20. Bxd6 Bxg2 21. Kxg2 Qxd6 22. Qd4 Ne4 23. Nc5 a5 24. Rfd1 Ng5 25. e4 Rb4 26. Rc4 Ne6 27. Nxe6 fxe6 28. Rdc1 e5 29. Qd2 Rxc4 30. Rxc4 Rb8 31. Ra4 Rb5 32. Rxa5 {Kasimdzhanov,R (2678)-Berelowitsch,A (2563) Germany 2011 ½-½ (51)}) 18. Bxe7 Bxg2 19. Kxg2 Qxe7 $146 ({RR} 19... Rxe7 20. Nc5 Qd6 21. Qc2 d4 22. Qc4 Rae8 23. Rfe1 h5 24. Rcd1 Ne4 25. Rxd4 Qxc5 {½-½ (25) Liedl,W (2230)-Sommerbauer,N (2365) Austria 1994}) ({RR} 19... Rxe7 20. Nc5 Qd6 21. e3 Rb8 22. Qd4 a5 23. Rc2 Rb4 24. Qd3 d4 25. e4 Re5 26. Rfc1 Rb5 27. Nb3 Rxe4 28. Rxc6 Qd5 29. R1c5 Rxc5 30. Rxc5 Qb7 31. Rb5 Qc6 32. Nxa5 Qa8 33. Nb7 Re7 34. Qf3 {Ostergaard,R (2173)-Nielsen,T (1956) Copenhagen 2006 0-1 (38)}) ({RR} 19... Rxe7 20. Nc5 Qd6 21. Qc2 d4 22. Qc4 Rae8 23. Rfe1 h5 24. Rcd1 Ne4 25. Rxd4 Qxc5 {½-½ (25) Liedl,W (2230)-Sommerbauer,N (2365) Austria 1994}) ({RR} 19... Rxe7 20. Nc5 Qd6 21. e3 Rb8 22. Qd4 a5 23. Rc2 Rb4 24. Qd3 d4 25. e4 Re5 26. Rfc1 Rb5 27. Nb3 Rxe4 28. Rxc6 Qd5 29. R1c5 Rxc5 30. Rxc5 Qb7 31. Rb5 Qc6 32. Nxa5 Qa8 33. Nb7 Re7 34. Qf3 {Ostergaard,R (2173)-Nielsen,T (1956) Copenhagen 2006 0-1 (38)}) 20. e3 Qe4+ 21. Kh2 Rac8 22. Nc5 Qf5 23. Kg2 h5 24. Qf3 Qg6 25. Rfd1 h4 26. g4 Rb8 27. b3 Ne4 28. Qf5 Qxf5 29. gxf5 Nd6 30. f6 g5 31. Rd4 Kh7 32. Ra4 Nc8 33. Rg4 Kh6 34. Kh2 Nd6 35. Rcg1 Rb5 36. Nd3 Ne4 37. f4 d4 38. exd4 Nd2 39. fxg5+ Rxg5 40. Rxh4+ Kg6 41. Rf4 Re2+ 42. Kh1 Ne4 43. Rxg5+ Kxg5 44. h4+ Kh5 45. Kg1 Ng3 46. Rf2 Kxh4 47. Ne5 Re3 48. Rh2+ Kg5 49. Kf2 Nf5 50. Rg2+ Kh4 51. Rg4+ 1-0